000 02250nam2a22003131 4500
001 rc\4368000
005 20250612062300.0
021 _aRU
_b[75-43862]
021 _aRU
_b[75-45031]
035 _a(NLR Aleph) 008539612
090 _a8338904
_c8338904
100 _a20130416d1974 |||y0rusy50 ca
101 0 _arus
102 _aRU
105 _ay z |||||
200 1 _aСеверный Кавказ. Период 1956-1960
_e[В 50 т.
_f[Сост. К.В. Головина, В.В. Можаева, Е.Ф. Оробей и др.
_gСев.-Кавк. территор. геол. упр.]
_gГл. ред.: ...Д.В. Наливкин (гл. ред.) [и др.]
_gАН СССР. М-во геологии СССР. Комис. по геол. изученности СССР. М-во геологии РСФСР. Сев.-Кавк. геол. упр.
_hВып. 1
_iОпубликованные работы. Кн. 1
210 _aСтаврополь
_d1974
215 _a351 с.
461 0 _1001rc\4367873
_12001#$aГеологическая изученность СССР$e[Обзорные главы, рефераты, аннотации и библиогр. справки]$fГлав. ред.: ...В.В. Тихомиров (глав. ред.) [и др.]$gАН СССР. М-во геологии СССР. Комис. по геол. изученности СССР. Ордена Ленина Кольский филиал им. С.М. Кирова. Геол. ин-т Сев.-Зап. геол. упр. Т. 1-$vТ. 12
_98338148
_cЛенинград
_d1968-
_fГлав. ред.: ...В.В. Тихомиров (глав. ред.) [и др.]
_nНаука. Ленингр. отд-ние
_o[Обзорные главы, рефераты, аннотации и библиогр. справки]
_tГеологическая изученность СССР
_vТ. 12
606 _aГеология
_yСеверный Кавказ (т. 12)
_2psbo
702 1 _aОробей
_bЕ.Ф.
_4220
702 1 _aНаливкин
_bД.В.
_gДмитрий Васильевич
_4340
702 1 _aМожаева
_bВ.В.
_4220
702 1 _aГоловина
_bК.В.
_4220
801 0 _aRU
_bNLR
_gpsbo
801 1 _aRU
_bELAR
_2rusmarc
852 _aNLR
_j61-7/560
942 _cBOOK
980 _aNB